The Data Shake (Record no. 29329)

MARC details
000 -LEADER
fixed length control field 00880nam a2200121Ia 4500
008 - FIXED-LENGTH DATA ELEMENTS--GENERAL INFORMATION
fixed length control field 220620s9999||||xx |||||||||||||| ||und||
245 #4 - TITLE STATEMENT
Title The Data Shake
Remainder of title Opportunities and Obstacles for Urban Policy Making
546 ## - LANGUAGE NOTE
Language note English[eng]
650 ## - SUBJECT ADDED ENTRY--TOPICAL TERM
Topical term or geographic name entry element Urban Geography / Urbanism (inc. megacities, cities, towns)||Urban Studies/Sociology||Public Policy||Urban Geography and Urbanism||Urban Sociology||Urban Policy||Urban mobility||Data visualisation||public policy making||policy making processes||smart city||POLIVISU project||urban data||open access||Urban & municipal planning||Sociology||Urban communities||Public administration
700 ## - ADDED ENTRY--PERSONAL NAME
Personal name Concilio, Grazia||Pucci, Paola||Raes, Lieven||Mareels, Geert
856 ## - ELECTRONIC LOCATION AND ACCESS
Uniform Resource Identifier <a href="https://library.oapen.org/bitstream/20.500.12657/47327/1/9783030636937.pdf||https://library.oapen.org/bitstream/20.500.12657/47327/1/9783030636937.pdf">https://library.oapen.org/bitstream/20.500.12657/47327/1/9783030636937.pdf||https://library.oapen.org/bitstream/20.500.12657/47327/1/9783030636937.pdf</a>
942 ## - ADDED ENTRY ELEMENTS (KOHA)
Koha item type E-Books
Holdings
Withdrawn status Lost status Damaged status Not for loan Home library Current library Date acquired Total Checkouts Date last seen Price effective from Koha item type
        Kerala University of Digital Sciences, Innovation and Technology Knowledge Centre Kerala University of Digital Sciences, Innovation and Technology Knowledge Centre 20/06/2022   20/06/2022 20/06/2022 E-Books